Η θυσία του Αβραάμ στον υπολογιστή : λεξιλογικοί πίνακες και υφολογικά σχόλια = The sacrifice of Abraham on the computer : a concordance, word-indexes and stylistic remarks
Αποθηκεύτηκε σε:
| Κύριος συγγραφέας: | |
|---|---|
| Μορφή: | Βιβλίο |
| Γλώσσα: | Greek English |
| Δημοσίευση: |
Αθήνα :
Ερμής,
1986
|
| Θέματα: | |
| Ετικέτες: |
Προσθήκη ετικέτας
Δεν υπάρχουν, Καταχωρήστε ετικέτα πρώτοι!
|
MARC
| LEADER | 00000nam a2200000 i 4500 | ||
|---|---|---|---|
| 001 | 1/48140 | ||
| 008 | 941103s1986 gre d | ||
| 035 | |a 1990 |c ΔΩΡΕΑ |l 10043257 | ||
| 040 | |a GR-MY-UA |b gre |e aacr | ||
| 041 | 0 | |a gre |a eng | |
| 082 | 0 | |a 888.2 | |
| 100 | 1 | |a Φιλιππίδου, Ντία. | |
| 245 | 1 | 2 | |a Η θυσία του Αβραάμ στον υπολογιστή : |b λεξιλογικοί πίνακες και υφολογικά σχόλια = The sacrifice of Abraham on the computer : a concordance, word-indexes and stylistic remarks / |c Ντία Φιλιππίδου |
| 260 | |a Αθήνα : |b Ερμής, |c 1986 | ||
| 300 | |a xxvi, 241 σ.; |c 35 cm. | ||
| 500 | |a Περιέχει βιβλιογραφία και ευρετήρια | ||
| 600 | 1 | 0 | |a Sacrifice d'Abraham. |
| 650 | 0 | 0 | |a Greek literature |x Concordances. |
| 852 | |a INST |b SAMOS |e 19941103 |h 888.2 ΦΙΛ |p 005300006791 |q 005300006791 |t BK |y 0 | ||
| 909 | |a Σ |b 017281 | ||